00000000nam##2200000za#4500
0019.647415
003CaOODSP
00520210615112630
007ta
008150407|1999||||xxc|||||     f|0| 0 eng|d
020 |a0-662-28013-X
040 |aCaOODSP|beng
043 |an-cn---
0861 |aRv31-50/1999E
1101 |aCanada. |bCanada Customs and Revenue Agency.
24510|aCanadian residents going down south
260 |aOttawa - Ontario : |bCanada Customs and Revenue Agency |c1999.
300 |a27p. ; |c22 cm.
500 |aVisually impaired persons can get information on services available to them, and can order publications in braille or large print, or on audio cassette or computer diskette. In Canada, please call 1-800-267-1267 weekdays from 8:15 a.m. to 5:00 p.m. (Eastern Time). From the United States, call 1-800-267-5177.
563 |aSoftcover
590 |a99-28|b1999-07-16
69007|aIncome tax|2gcpds
69007|aCustoms and excise|2gcpds
77508|tRésidents canadiens qui séjournent dans le Sud |w(CaOODSP)9.680835
7760#|tCanadian residents going down south / |w(CaOODSP)9.695532
986 |aP151(E) Rev. 98 /3360